000 00815nam a2200265 i 4500
001 bg
100 1 _aMONET, Dominique
245 1 0 _aMultimedia /
_cDominique Monet ; przeł. z fr. Paweł Latko.
246 _iTyt. oryg.:
_aLe multimédia
260 _aKatowice :
_b"Książnica",
_c1999.
300 _a127, [1] s. :
_bil. kolor. ;
_c18 cm.
490 1 _aDomino : więcej wiedzieć, odkrywać siebie i świat
500 _aTyt. oryg.: "Le multimédia" 1998.
504 _aBibliogr. - Indeks.
650 9 _aMultimedia
655 _aWydawnictwa popularne
830 _aDomino : więcej wiedzieć, odkrywać siebie i świat
020 _a837132345X
040 _cBPK
041 1 _apl
_hfr
080 _a004.032.6
920 _a83-7132-345-X
942 _cKS
008 s pl f |000 0 pol
999 _c38495
_d38495
856 _uhttp://koha.tu.koszalin.pl/cgi-bin/koha/opac-detail.pl?biblionumber=38495
_yKatalog online BPK